000 00565nam a2200205 4500
003 OSt
005 20240722014024.0
006 a
008 240722b |||||||| |||| 00| 0 eng d
020 _a9781412923194
040 _aDWCL-Main lib.
_cOC
082 _aCirc. 659.2 K44 2009
110 _aBob Franklin
245 _aKey concepts in public relations /
260 _aLos Angeles:
_bSage,
_cc2009.
300 _axiii,
_b253 p. ;
_c21 cm.
504 _aIncludes bibliographical references.
650 _a1. Public relations.
942 _2ddc
_n0
_cBK-CIRC
_kCirc.
999 _c2484
_d2484